Informační efektivnost burzovních trhů ve střední Evropě

Testovanie základných znakov informačnej efektívnosti súčasných burzových trhov v strednej Európe (Česko, Poľsko, Maďarsko, Slovensko) pomocou štandardných nástrojov štatistickej analýzy. Porovnanie stredoeurópskych trhov a vyspelého amerického trhu.

Na minha lista:
Detalhes bibliográficos
Autor principal: Diviš, Karel
Outros Autores: Teplý, Petr
Formato: Capítulo de Livro
Idioma:tcheco
Assuntos:
Tags: Adicionar Tag
Sem tags, seja o primeiro a adicionar uma tag!

MARC

LEADER 00000naa$a2200000$$$4500
001 0038549
005 20231010105216.5
041 0 |a cze 
044 |a CZ 
245 1 0 |a Informační efektivnost burzovních trhů ve střední Evropě  |c Karel Diviš, Petr Teplý 
520 |a Testovanie základných znakov informačnej efektívnosti súčasných burzových trhov v strednej Európe (Česko, Poľsko, Maďarsko, Slovensko) pomocou štandardných nástrojov štatistickej analýzy. Porovnanie stredoeurópskych trhov a vyspelého amerického trhu. 
610 2 0 |a trh burzový 
610 2 0 |a trh kapitálový 
610 2 0 |a efektívnosť 
610 2 0 |a informácie 
610 2 0 |a modely 
610 2 0 |a indexy burzové 
610 2 0 |a stredná Európa 
610 2 0 |a USA 
610 2 0 |a analýza štatistická 
100 1 |a Diviš, Karel 
700 1 |a Teplý, Petr